000 00719nam a22002297a 4500
999 _c8404
_d8404
003 GBCCL
005 20241126110650.0
008 210210b ||||| |||| 00| 0 eng d
010 _a 2011039899
020 _a9780825433894
040 _cgbc
082 _a266.001
_bMOR
100 _aMoreau, A. Scott,
_d1955-
_93635
245 _aContextualization in world missions :
_bmapping and assessing evangelical models /
_cA. Scott Moreau.
260 _aGrand Rapids, MI :
_bKregel Publications,
_c[2012]
300 _a429 p. ;
_b23 cm.
504 _aIncludes bibliographical references.
650 _aChristianity and culture.
_9886
650 _aMissions.
_9885
650 _aEvangelistic work.
_9290
942 _2ddc
_cBK
_09